[Event "World Blitz Women 2017"]
[Site "Riyadh KSA"]
[Date "2017.12.30"]
[Round "17.2"]
[White "Cramling, Pia"]
[Black "Lei, Tingjie"]
[Result "1-0"]
[WhiteTitle "GM"]
[BlackTitle "GM"]
[WhiteElo "2450"]
[BlackElo "2528"]
[WhiteFideId "1700030"]
[BlackFideId "8605114"]
[EventDate "2017.12.29"]

1. Nf3 d5 2. d4 Nf6 3. c4 e6 4. g3 Bb4+ 5. Bd2 Be7 6. Bg2 O-O 7. O-O c6 8. Qc2
Nbd7 9. Bf4 b6 10. Rd1 Ba6 11. Nbd2 Rc8 12. Rac1 Bb7 13. Ne5 Nxe5 14. Bxe5 c5
15. Qb1 Nd7 16. cxd5 exd5 17. Bf4 Bf6 18. dxc5 bxc5 19. Nb3 c4 20. Nd4 Qb6 21.
Be3 Qa6 22. Nf5 g6 23. Nh6+ Kh8 24. Ng4 Bg7 25. h4 f5 26. Nh2 Qb5 27. Bd4 Nf6
28. Nf3 Ne4 29. Bxg7+ Kxg7 30. Rd4 Qb6 31. e3 Rce8 32. Re1 Qa5 33. a3 Bc6 34.
Qc1 Qc7 35. Red1 Nc5 36. Qc2 Qb7 37. Qc3 Kg8 38. Ng5 Ne4 39. Nxe4 fxe4 40. Qc1
Rb8 41. R1d2 Rf7 42. Qc3 Qe7 43. Qc1 Rf5 44. Qc3 Rbf8 45. Qc1 Qf7 46. Qe1 h6 47.
Bh3 Rf6 48. Bg2 Kg7 49. Rc2 g5 50. hxg5 hxg5 51. Rcd2 Rh8 52. Qd1 Rf5 53. Qc1
Qh5 54. Qc3 Qh2+ 55. Kf1 Rf6 56. Rxd5 Bxd5 57. Rxd5 Qh5 58. Rd7+ Kg6 59. Bxe4+
Rf5 60. Bxf5+ Kxf5 61. Rd5+ Kg4 62. Qd4+ Kh3 63. Qe4 Qg4 64. Qg2# 1-0

[Event "World Blitz Women 2017"]
[Site "Riyadh KSA"]
[Date "2017.12.30"]
[Round "17.4"]
[White "Lagno, Kateryna"]
[Black "Ushenina, Anna"]
[Result "0-1"]
[WhiteTitle "GM"]
[BlackTitle "GM"]
[WhiteElo "2547"]
[BlackElo "2416"]
[WhiteFideId "14109336"]
[BlackFideId "14110911"]
[EventDate "2017.12.29"]

1. e4 c5 2. Nf3 e6 3. d4 cxd4 4. Nxd4 Nc6 5. Nc3 Qc7 6. Be2 a6 7. O-O Nf6 8. Be3
d6 9. f4 Be7 10. Qe1 O-O 11. Qg3 Nxd4 12. Bxd4 b5 13. a3 Bb7 14. Bd3 Rad8 15.
Kh1 Bc6 16. Rae1 Qd7 17. Bb6 Rb8 18. Be3 d5 19. exd5 Nxd5 20. Nxd5 Qxd5 21. Bc1
g6 22. Re5 Qd6 23. Bd2 Qc7 24. Bb4 Bxb4 25. axb4 Rbd8 26. h4 Bd5 27. h5 Kg7 28.
Qh4 f5 29. h6+ Kg8 30. Qf2 Qe7 31. Ra1 g5 32. Rxa6 Qf6 33. Qg3 Qxh6+ 34. Kg1 g4
35. Ra7 Rf7 36. Rxf7 Kxf7 37. Qe3 Qh4 38. Bxb5 g3 39. Rxd5 Qh2+ 40. Kf1 Qh1+ 41.
Qg1 Qxg1+ 42. Kxg1 Rxd5 43. Bd3 Rd4 44. b5 Ra4 45. Kf1 Rxf4+ 46. Ke2 Rf2+ 47.
Ke3 Ke7 48. b6 Kd6 49. c4 f4+ 50. Ke4 f3 51. c5+ Kc6 52. b4 fxg2 53. b5+ Kb7 54.
Ke5 g1=Q 55. Be4+ Kb8 56. c6 Qa1+ 57. Kd6 Qd4+ 58. Ke7 Qxb6 59. Kd7 Qc7+ 60.
Kxe6 Re2 61. Kd5 Rxe4 62. Kxe4 Qb6 63. Kf3 Kc7 64. Kxg3 Qxb5 0-1

[Event "World Blitz Women 2017"]
[Site "Riyadh KSA"]
[Date "2017.12.30"]
[Round "17.5"]
[White "Skripchenko, Almira"]
[Black "Gunina, Valentina"]
[Result "0-1"]
[WhiteTitle "IM"]
[BlackTitle "GM"]
[WhiteElo "2403"]
[BlackElo "2510"]
[WhiteFideId "13900145"]
[BlackFideId "4167570"]
[EventDate "2017.12.29"]

1. e4 c6 2. d3 d5 3. Nd2 e5 4. Ngf3 Bd6 5. d4 exd4 6. exd5 Nf6 7. dxc6 Nxc6 8.
Bd3 O-O 9. O-O Bg4 10. h3 Bh5 11. Nb3 Bc7 12. Re1 Qd6 13. Bg5 Rae8 14. g4 Nxg4
15. hxg4 Bxg4 16. Rxe8 Rxe8 17. Nbd2 Ne5 18. Be4 Nxf3+ 19. Bxf3 Qh2+ 20. Kf1
Bh3+ 0-1

[Event "World Blitz Women 2017"]
[Site "Riyadh KSA"]
[Date "2017.12.30"]
[Round "17.6"]
[White "Mammadzada, Gunay"]
[Black "Kulon, Klaudia"]
[Result "0-1"]
[WhiteTitle "WGM"]
[BlackTitle "WGM"]
[WhiteElo "2333"]
[BlackElo "2370"]
[WhiteFideId "13403729"]
[BlackFideId "1131044"]
[EventDate "2017.12.29"]

1. e4 e5 2. Nf3 Nc6 3. Bb5 a6 4. Ba4 d6 5. O-O Bd7 6. c3 g6 7. d4 Bg7 8. Bg5 Nf6
9. Re1 h6 10. Bh4 O-O 11. Nbd2 b5 12. Bb3 g5 13. Bg3 Bg4 14. h3 Bh5 15. Qc1 exd4
16. Nxd4 Nxd4 17. cxd4 Rc8 18. Qc6 Nd7 19. e5 dxe5 20. dxe5 Nxe5 21. Bxe5 Qxd2
22. Bxg7 Kxg7 23. Qxa6 c6 24. Re7 Qxb2 25. Rae1 Bg6 26. Qb7 c5 27. Qxb5 Qd4 28.
Rd7 Qc3 29. Ree7 c4 30. Bd1 Qf6 0-1

[Event "World Blitz Women 2017"]
[Site "Riyadh KSA"]
[Date "2017.12.30"]
[Round "17.7"]
[White "Ju, Wenjun"]
[Black "Padmini, Rout"]
[Result "1/2-1/2"]
[WhiteTitle "GM"]
[BlackTitle "IM"]
[WhiteElo "2567"]
[BlackElo "2324"]
[WhiteFideId "8603006"]
[BlackFideId "5029295"]
[EventDate "2017.12.29"]

1. d4 Nf6 2. c4 g6 3. Nf3 Bg7 4. g3 O-O 5. Bg2 d6 6. O-O Nbd7 7. Nc3 a6 8. e4 e5
9. Re1 Rb8 10. a4 Re8 11. h3 a5 12. Be3 exd4 13. Nxd4 Nc5 14. Qc2 Bd7 15. Ndb5
Na6 16. Rad1 b6 17. f4 Qc8 18. Kh2 Nc5 19. Bd4 Ne6 20. Bf2 Nc5 21. Nd5 Nxd5 22.
cxd5 Bxb5 23. axb5 f5 24. Re2 fxe4 25. Bxe4 Qd7 26. Bxc5 bxc5 27. Bd3 Rxe2+ 28.
Qxe2 Re8 29. Qd2 Qe7 30. Qxa5 Qf6 31. Qd2 Qxb2 32. Qxb2 Bxb2 33. Kg2 Bd4 34. g4
Kf7 35. f5 g5 36. Rd2 Re3 37. Be2 Be5 38. Ra2 Rg3+ 39. Kf1 Bd4 40. Ke1 c4 41.
Bxc4 Bb6 42. Bf1 Re3+ 43. Kd1 Re5 44. Bg2 Re8 45. Rc2 h6 46. Ra2 Kf6 47. Rc2 Re7
48. Bf3 Re3 49. Bg2 Re5 50. Ra2 Re8 51. Kd2 Bc5 52. Kd3 Bb6 53. Rc2 Re3+ 54. Kc4
Re8 55. Kd3 Re3+ 56. Kc4 Re8 57. Ra2 Kf7 58. Kd3 Kf6 59. Kd2 Kf7 60. Bf3 Kf6 61.
Bg2 Kf7 62. Rc2 Kf6 63. Ra2 Kf7 64. Rc2 1/2-1/2

[Event "World Blitz Women 2017"]
[Site "Riyadh KSA"]
[Date "2017.12.30"]
[Round "17.8"]
[White "Goryachkina, Aleksandra"]
[Black "Michna, Marta"]
[Result "1/2-1/2"]
[WhiteTitle "WGM"]
[BlackTitle "WGM"]
[WhiteElo "2486"]
[BlackElo "2377"]
[WhiteFideId "4147103"]
[BlackFideId "1106686"]
[EventDate "2017.12.29"]

1. d4 d6 2. e4 Nf6 3. Nc3 Nc6 4. h3 e5 5. d5 Nb8 6. Be3 Be7 7. Be2 c6 8. dxc6
bxc6 9. Nf3 O-O 10. O-O a5 11. b3 Ba6 12. Re1 Qc7 13. Bg5 Bxe2 14. Qxe2 Nbd7 15.
Rad1 Nc5 16. Bxf6 Bxf6 17. Qe3 Rfd8 18. a4 Ne6 19. Ne2 Rab8 20. Ng3 g6 21. Nh2
Nf4 22. Ng4 Bg7 23. Ne2 h5 24. Nh2 Bh6 25. Qf3 Qe7 26. Nxf4 Bxf4 27. g3 Bh6 28.
h4 Rb4 29. Nf1 Rd4 30. Rxd4 exd4 31. Qd3 c5 32. Nh2 Re8 33. Nf3 Qf6 34. Kg2 Qe6
35. e5 dxe5 36. Rxe5 Qc8 37. Qe4 Rxe5 38. Nxe5 Qe8 39. Qd5 Bg7 40. Nc4 Qe2 41.
Nd6 Qxc2 42. Qxf7+ Kh7 43. Kh2 Qe2 44. Ne8 Qe5 45. Nxg7 Qxg7 46. Qc4 Qc7 47. Kg2
Qd6 48. Qf7+ Kh6 49. Qg8 Qf6 50. Qd5 Qe7 51. Qg8 Qe4+ 52. Kh2 Qe5 53. Qf8+ Kh7
54. Qf7+ Kh6 55. Qf8+ Kh7 56. Qf7+ Kh6 57. Qf8+ 1/2-1/2

[Event "World Blitz Women 2017"]
[Site "Riyadh KSA"]
[Date "2017.12.30"]
[Round "17.9"]
[White "Nechaeva, Marina"]
[Black "Harika, Dronavalli"]
[Result "1-0"]
[WhiteTitle "IM"]
[BlackTitle "GM"]
[WhiteElo "2424"]
[BlackElo "2504"]
[WhiteFideId "4149351"]
[BlackFideId "5015197"]
[EventDate "2017.12.29"]

1. d4 d6 2. c4 g6 3. e4 Bg7 4. Nc3 Nc6 5. d5 Nd4 6. Nge2 c5 7. Be3 Nxe2 8. Bxe2
Nf6 9. O-O O-O 10. h3 a6 11. Qd2 Rb8 12. a3 b5 13. cxb5 axb5 14. b4 c4 15. Bd4
e5 16. Be3 Bd7 17. a4 bxa4 18. Rfb1 Qc7 19. b5 Ra8 20. b6 Qb7 21. Bxc4 Rfc8 22.
Bd3 Nh5 23. Nb5 Bf8 24. Qb4 Nf4 25. Bf1 f5 26. Bxf4 exf4 27. Nxd6 Bxd6 28. Qxd6
fxe4 29. Qxf4 Rab8 30. Bb5 Qxd5 31. Bxd7 Qxd7 32. Qxe4 Rc6 33. Qxa4 Qb7 34. Qb3+
Kh8 35. Ra7 Qxb6 36. Rxh7+ Kxh7 37. Qf7+ Kh8 38. Rxb6 Rbxb6 39. g3 Rf6 40. Qe7
Rbe6 41. Qd7 Rd6 42. Qe8+ Kg7 43. h4 Rfe6 44. Qc8 Rf6 45. Kg2 Rf7 46. Qc3+ Kg8
47. g4 Rdf6 48. f3 Rf8 49. Kg3 Kh7 50. Qe3 R6f7 51. f4 Ra8 52. g5 Ra5 53. h5
gxh5 54. Qf3 Raf5 55. Qxh5+ Kg8 56. Qg6+ Kf8 57. Qd6+ Kg8 58. Qg6+ Kf8 59. Qh6+
Kg8 60. g6 Rg7 61. Kg4 Ra5 62. f5 Ra1 63. Qe3 Rga7 64. Kg5 Ra8 65. Qe6+ Kh8 66.
Qe5+ Kg8 67. Qd5+ Kh8 68. Qd4+ Kg8 69. Qd5+ Kh8 70. Kh6 R8a7 71. Qd8# 1-0

[Event "World Blitz Women 2017"]
[Site "Riyadh KSA"]
[Date "2017.12.30"]
[Round "17.10"]
[White "Stefanova, Antoaneta"]
[Black "Buksa, Nataliya"]
[Result "1-0"]
[WhiteTitle "GM"]
[BlackTitle "WGM"]
[WhiteElo "2500"]
[BlackElo "2385"]
[WhiteFideId "2902257"]
[BlackFideId "14123622"]
[EventDate "2017.12.29"]

1. d4 d5 2. Bf4 Nf6 3. e3 e6 4. Nf3 c5 5. c3 Nc6 6. Nbd2 cxd4 7. exd4 Nh5 8. Be3
g6 9. Bd3 f6 10. O-O Bd6 11. Re1 O-O 12. c4 Nf4 13. Bf1 dxc4 14. Nxc4 Bc7 15. g3
Nd5 16. Bh6 Rf7 17. Rc1 Bd7 18. Bg2 Rc8 19. h4 b5 20. Ne3 Bb6 21. Nxd5 exd5 22.
Be3 a6 23. Nh2 Be6 24. Ng4 Rf8 25. Nh2 Qd7 26. a3 Na5 27. Rxc8 Rxc8 28. Qe2 Rc4
29. Bf1 Bxd4 30. Bxd4 Rxd4 31. Qxe6+ Qxe6 32. Rxe6 Rd2 33. Rxf6 Rxb2 34. Rxa6
Nc4 35. Nf3 Rb3 36. Nd4 Rb1 37. Kg2 Rb2 38. Bxc4 bxc4 39. Rd6 c3 40. Rxd5 Rd2
41. Rd8+ Kf7 42. Rc8 Rxd4 43. Rxc3 Ra4 44. Kf1 Ke6 45. Re3+ Kf5 46. f3 h6 47.
Ke2 Rd4 48. g4+ Kf6 49. Kf2 h5 50. Kg3 Rc4 51. Re4 Rc3 52. a4 hxg4 53. Kxg4 Ra3
54. Rb4 Rc3 55. Rb6+ Kg7 56. Ra6 Rc4+ 57. f4 Rc1 58. Ra7+ Kh6 59. Ra8 Rg1+ 60.
Kf3 Rh1 61. a5 Kg7 62. Kg3 Rg1+ 63. Kf2 Rh1 64. a6 Rxh4 65. Kg3 Rh5 66. Rb8 Ra5
67. Rb7+ Kf6 68. a7 Ra1 69. Kg4 Rg1+ 70. Kf3 Ra1 71. Ke4 Ra4+ 72. Kd5 Ra1 73.
Kc6 Ke6 74. Kc7 Rc1+ 75. Kb8 Rh1 76. a8=Q 1-0

[Event "World Blitz Women 2017"]
[Site "Riyadh KSA"]
[Date "2017.12.30"]
[Round "17.11"]
[White "Belenkaya, Dina"]
[Black "Krush, Irina"]
[Result "0-1"]
[WhiteTitle "WGM"]
[BlackTitle "GM"]
[WhiteElo "2303"]
[BlackElo "2431"]
[WhiteFideId "24142654"]
[BlackFideId "2012782"]
[EventDate "2017.12.29"]

1. e4 c5 2. Nf3 e6 3. g3 Nc6 4. Bg2 Nf6 5. Qe2 d6 6. O-O Be7 7. c3 O-O 8. d4
cxd4 9. cxd4 d5 10. e5 Ne4 11. Be3 Bd7 12. Ne1 f5 13. f3 Ng5 14. Nc3 Rc8 15. Nd3
Na5 16. Rac1 Nc4 17. Bf2 Qa5 18. Kh1 Bb5 19. Nxb5 Qxb5 20. b3 Nb2 21. Qxb2 Qxd3
22. Rfd1 Qa6 23. Bf1 Qa3 24. Qxa3 Bxa3 25. Rxc8 Rxc8 26. Kg2 Rc2 27. Rd3 Bb4 28.
h4 Nf7 29. Kg1 Rxa2 30. g4 fxg4 31. fxg4 Ra1 32. g5 Nd8 33. Rf3 Nc6 34. Be3 Ne7
35. Kf2 Nf5 36. Bh3 g6 37. h5 Rb1 38. hxg6 hxg6 39. Bxf5 gxf5 40. Rh3 Rb2+ 41.
Kf3 Rxb3 42. Ke2 f4 43. Bd2 Rxh3 44. Bxb4 Kf7 45. Bd6 Kg6 46. Be7 Kf5 47. Bf6
Rc3 48. Kf2 a5 0-1

[Event "World Blitz Women 2017"]
[Site "Riyadh KSA"]
[Date "2017.12.30"]
[Round "17.12"]
[White "Javakhishvili, Lela"]
[Black "Zhu, Chen"]
[Result "0-1"]
[WhiteTitle "IM"]
[BlackTitle "GM"]
[WhiteElo "2449"]
[BlackElo "2423"]
[WhiteFideId "13601458"]
[BlackFideId "8600546"]
[EventDate "2017.12.29"]

1. c4 e5 2. g3 Nf6 3. Bg2 c6 4. Nf3 e4 5. Nd4 d5 6. d3 exd3 7. cxd5 Nxd5 8. O-O
Be7 9. Qxd3 O-O 10. Rd1 Na6 11. e4 Ndb4 12. Qe2 Qa5 13. a3 c5 14. Nf5 Nc6 15.
Nc3 Bxf5 16. exf5 Bf6 17. Nd5 Bd4 18. f6 g6 19. Bd2 Qd8 20. Qg4 Nc7 21. Nxc7
Qxc7 22. Qg5 Qe5 23. Bf4 Qxf6 24. Qxf6 Bxf6 25. Rac1 Bd4 26. Bxc6 bxc6 27. Be3
Bxe3 28. fxe3 Rab8 29. Rxc5 Rxb2 30. Rxc6 Re8 31. Rd3 Re7 32. Rf6 Rc7 33. Rf2
Rb6 34. Kg2 Kg7 35. Rfd2 Ra6 36. Kf3 Re7 37. e4 Rf6+ 38. Ke3 Rfe6 39. Rd4 f5 40.
Rb2 Rxe4+ 41. Rxe4 Rxe4+ 42. Kf3 Re7 43. Rb5 Rd7 44. Ra5 Rb7 45. h4 Kf7 46. Ra6
Kg7 47. Kf4 Kh6 48. g4 fxg4 49. Kxg4 Rd7 50. Kg3 Rf7 51. Kg4 Rc7 52. Kg3 Kg7 53.
Kg4 Kf7 54. h5 gxh5+ 55. Kxh5 Ke7 56. Kh6 Kd8 57. Kh5 Kc8 58. Kh6 Kb7 59. Ra4
Kb6 60. Rb4+ Kc5 61. Rb8 a5 62. a4 Kc4 63. Rb5 Rc5 64. Rb1 Rc7 65. Rb5 Ra7 66.
Kh5 Kc3 67. Kh6 Kd4 68. Rg5 Kd3 69. Rb5 Kc4 70. Kh5 Ra6 71. Rb7 Rc6 72. Rb5 Rc5+ 0-1

[Event "World Blitz Women 2017"]
[Site "Riyadh KSA"]
[Date "2017.12.30"]
[Round "17.13"]
[White "Voit, Daria"]
[Black "Paehtz, Elisabeth"]
[Result "0-1"]
[WhiteTitle "FM"]
[BlackTitle "IM"]
[WhiteElo "2390"]
[BlackElo "2464"]
[WhiteFideId "4182146"]
[BlackFideId "4641833"]
[EventDate "2017.12.29"]

1. d4 e6 2. c4 b6 3. e4 Bb7 4. Bd3 Bb4+ 5. Bd2 Bxd2+ 6. Nxd2 Qf6 7. Ne2 c5 8. e5
Qh6 9. Ne4 Bxe4 10. Bxe4 Nc6 11. Bxc6 dxc6 12. dxc5 Rd8 13. Qa4 Qd2+ 14. Kf1 Ne7
15. cxb6 axb6 16. Qb3 Ng6 17. Qc3 Nxe5 18. f3 Qxc3 19. Nxc3 Nxc4 20. b3 Ne3+ 21.
Kf2 Nd5 22. Ne4 f5 23. Nd2 Ke7 24. Nc4 Kf6 25. Rhe1 Nb4 26. Re2 b5 27. Ne5 Nd3+
28. Nxd3 Rxd3 29. Rc1 Rc8 30. Rec2 Ra8 31. Re2 Rd6 32. f4 g5 33. g3 gxf4 34.
gxf4 Rg8 35. Kf3 Rg4 36. Rce1 h5 37. h3 Rg7 38. Rc1 h4 39. Rec2 Rg3+ 40. Kf2
Rxh3 41. Rxc6 Rxc6 42. Rxc6 Rh2+ 43. Kg1 Rxa2 44. Rb6 Re2 45. Rxb5 Re4 46. Kg2
Rxf4 47. Kh3 Re4 48. Rb8 Ke5 49. b4 Kd6 50. b5 Kc7 51. Re8 Re5 52. Kxh4 Re1 53.
Kg5 Re4 54. Kh5 f4 55. Kg4 e5 56. Kf3 Re3+ 57. Kf2 Kb7 58. Re6 Re4 59. Kf3 Re1
60. Kf2 Re3 61. Rf6 Rb3 0-1

[Event "World Blitz Women 2017"]
[Site "Riyadh KSA"]
[Date "2017.12.30"]
[Round "17.15"]
[White "Khotenashvili, Bela"]
[Black "Pham, Le Thao Nguyen"]
[Result "0-1"]
[WhiteTitle "GM"]
[BlackTitle "IM"]
[WhiteElo "2476"]
[BlackElo "2354"]
[WhiteFideId "13602640"]
[BlackFideId "12401226"]
[EventDate "2017.12.29"]

1. d4 Nf6 2. Bf4 d5 3. e3 c5 4. c3 cxd4 5. exd4 Nc6 6. Nd2 Bf5 7. Qb3 Qc8 8.
Ngf3 e6 9. Be2 h6 10. h3 Be7 11. Ne5 Nd7 12. Nd3 a6 13. Qd1 Qd8 14. Nf3 Qb6 15.
Qd2 Na5 16. Nde5 Nf6 17. O-O Ne4 18. Qc1 Rc8 19. Bd3 Bd6 20. Bxe4 Bxe4 21. Re1
Qc7 22. Be3 f6 23. Ng4 Bxf3 24. gxf3 h5 25. Ne5 fxe5 26. Bg5 Qf7 27. dxe5 Be7
28. Bxe7 Qxe7 29. Qc2 Nc6 30. Kh2 Qf7 31. Re3 Qf4+ 32. Kh1 Rc7 33. Rg1 Rf7 34.
Qg6 Ke7 35. Qc2 Qh6 36. Qb3 Kd8 37. Qb6+ Kc8 38. b4 Rc7 39. b5 axb5 40. Qxb5 Rf8
41. Qa4 Kb8 42. Qa3 Qf4 43. Rg3 Rf5 44. Qd6 Qc4 45. Rxg7 Qf1+ 46. Rg1 Qxf2 47.
Rg8+ Ka7 48. Qc5+ b6 49. Qa3+ Na5 50. c4 Qf1+ 51. Kh2 Qf2+ 52. Kh1 dxc4 53. Qc3
Qf1+ 54. Kh2 Rd7 55. h4 Qf2+ 56. Kh3 Rf4 57. Re4 Rxf3+ 0-1

[Event "World Blitz Women 2017"]
[Site "Riyadh KSA"]
[Date "2017.12.30"]
[Round "17.17"]
[White "Zawadzka, Jolanta"]
[Black "Danielian, Elina"]
[Result "0-1"]
[WhiteTitle "WGM"]
[BlackTitle "GM"]
[WhiteElo "2424"]
[BlackElo "2413"]
[WhiteFideId "1122320"]
[BlackFideId "13300210"]
[EventDate "2017.12.29"]

1. e4 c6 2. d4 d5 3. Nd2 dxe4 4. Nxe4 Nd7 5. Ng5 Ndf6 6. Bd3 Bg4 7. f3 Bh5 8.
Be3 e6 9. Qd2 Bg6 10. Ne4 Nxe4 11. fxe4 Bxe4 12. Bxe4 Qh4+ 13. Qf2 Qxe4 14.
O-O-O Nf6 15. h3 Bd6 16. Nf3 Qd5 17. Kb1 Ne4 18. Qe1 h6 19. Bc1 Ng3 20. Rg1 Rd8
21. b3 O-O 22. Bb2 b5 23. Rd3 Qe4 24. Qf2 Qf5 25. Re1 a5 26. Qd2 Bb4 27. c3 Bd6
28. Ka1 Bf4 29. Qd1 c5 30. Nh4 Qf6 31. Nf3 c4 32. bxc4 bxc4 33. Rd2 Bxd2 34.
Qxd2 Rb8 35. Qf2 Nf5 36. Ne5 Rb7 37. Qf3 Rfb8 38. Ba3 Nh4 39. Qxf6 gxf6 40. Ng4
Kg7 41. Ne3 a4 42. g3 Nf3 43. Rf1 Nd2 44. Bd6 Rb1+ 0-1

[Event "World Blitz Women 2017"]
[Site "Riyadh KSA"]
[Date "2017.12.30"]
[Round "17.18"]
[White "Bodnaruk, Anastasia"]
[Black "Sukandar, Irine Kharisma"]
[Result "1-0"]
[WhiteTitle "IM"]
[BlackTitle "IM"]
[WhiteElo "2428"]
[BlackElo "2384"]
[WhiteFideId "4181751"]
[BlackFideId "7101937"]
[EventDate "2017.12.29"]

1. e4 e5 2. Nf3 Nc6 3. Bb5 a6 4. Ba4 Nf6 5. O-O b5 6. Bb3 Be7 7. Re1 d6 8. a4 b4
9. a5 O-O 10. d3 Be6 11. Nbd2 h6 12. Nc4 Nd4 13. Nxd4 exd4 14. Bd2 Rb8 15. f4 c5
16. f5 Bxc4 17. Bxc4 Nd7 18. Bf4 Ne5 19. Bd5 Bf6 20. Qh5 Qe7 21. Rf1 Bg5 22. g3
Kh7 23. Kh1 g6 24. Qe2 gxf5 25. Bxg5 Qxg5 26. Rxf5 Qe3 27. Qh5 f6 28. Raf1 Qd2
29. Rxf6 Rxf6 30. Rxf6 Rg8 31. Bxg8+ Kxg8 32. Qe8+ Kg7 33. Qe7+ 1-0

[Event "World Blitz Women 2017"]
[Site "Riyadh KSA"]
[Date "2017.12.30"]
[Round "17.19"]
[White "Hoang, Thanh Trang"]
[Black "Hoang, Thi Bao Tram"]
[Result "1-0"]
[WhiteTitle "GM"]
[BlackTitle "WGM"]
[WhiteElo "2439"]
[BlackElo "2410"]
[WhiteFideId "12400149"]
[BlackFideId "12401102"]
[EventDate "2017.12.29"]

1. d4 d5 2. c4 e6 3. Nf3 Nf6 4. g3 Bb4+ 5. Bd2 Be7 6. Bg2 O-O 7. Qc2 b6 8. O-O
Bb7 9. cxd5 exd5 10. Nc3 c6 11. Rfd1 Bd6 12. Rac1 Nbd7 13. e4 dxe4 14. Nxe4 Nxe4
15. Qxe4 Re8 16. Qd3 h6 17. Qb3 Qf6 18. Bc3 Qf5 19. Qc2 Qxc2 20. Rxc2 Nf6 21. b3
Nd5 22. Ba1 Re7 23. Ne5 Nb4 24. Rcd2 f6 25. Nc4 Bc7 26. Ne3 Rd8 27. a3 Nd5 28.
Nxd5 cxd5 29. Rc2 Bd6 30. b4 Rde8 31. Bc3 Rc8 32. Rdc1 Rec7 33. Bf1 a5 34. Bd3
axb4 35. Bxb4 Rxc2 36. Rxc2 Rxc2 37. Bxc2 Bc7 38. f4 Kf7 39. Kf2 Ba6 40. Ke3 Bc4
41. Bf5 g6 42. Bd7 f5 43. h3 Bb8 44. g4 fxg4 45. Bxg4 Bc7 46. f5 gxf5 47. Bxf5
Kf6 48. Bd7 Bd8 49. Bd6 Be7 50. Be5+ Kg6 51. a4 Bg5+ 52. Kf3 Bd2 53. Bc7 Ba5 54.
Kg4 Be2+ 55. Kf4 Bd2+ 56. Ke5 b5 57. axb5 1-0

[Event "World Blitz Women 2017"]
[Site "Riyadh KSA"]
[Date "2017.12.30"]
[Round "17.20"]
[White "Berend, Elvira"]
[Black "Cori T., Deysi"]
[Result "0-1"]
[WhiteTitle "WGM"]
[BlackTitle "WGM"]
[WhiteElo "2303"]
[BlackElo "2389"]
[WhiteFideId "4000510"]
[BlackFideId "3801934"]
[EventDate "2017.12.29"]

1. e4 c5 2. Nf3 e6 3. d3 Nc6 4. g3 b5 5. Bg2 Bb7 6. O-O d6 7. c3 Nf6 8. Re1 Be7
9. d4 cxd4 10. cxd4 O-O 11. Bf4 d5 12. e5 Ne4 13. Nbd2 Rc8 14. Nxe4 dxe4 15.
Rxe4 Nb4 16. Re2 Qb6 17. a3 Nd5 18. Bg5 h6 19. Bxe7 Nxe7 20. Rc1 Rxc1 21. Qxc1
Nf5 22. Rd2 Bxf3 23. Bxf3 Nxd4 24. Bd1 Rd8 25. Qc3 a5 26. Qe3 Qc5 27. Kg2 Rd5
28. h4 Qc6 29. Kg1 Qd7 30. Kg2 Nf5 31. Qb6 Rxd2 32. Bf3 Qd4 33. Qb8+ Kh7 0-1

[Event "World Blitz Women 2017"]
[Site "Riyadh KSA"]
[Date "2017.12.30"]
[Round "17.21"]
[White "Guo, Qi"]
[Black "Shuvalova, Polina"]
[Result "1-0"]
[WhiteTitle "IM"]
[BlackTitle "WIM"]
[WhiteElo "2396"]
[BlackElo "2385"]
[WhiteFideId "8604002"]
[BlackFideId "24171760"]
[EventDate "2017.12.29"]

1. d4 Nf6 2. c4 e6 3. Nf3 b6 4. a3 Bb7 5. Nc3 d5 6. Bf4 Be7 7. e3 O-O 8. Rc1
Nbd7 9. cxd5 exd5 10. Bd3 c5 11. O-O h6 12. Ne5 a6 13. Qf3 Re8 14. Rfd1 Bf8 15.
Bb1 Rc8 16. Nxd7 Qxd7 17. Bxh6 gxh6 18. Qxf6 Qe6 19. Qf3 Bg7 20. Bf5 Qe7 21.
Bxc8 Rxc8 22. Nxd5 Qd6 23. dxc5 Rxc5 24. Rxc5 Qxc5 25. Nf6+ Bxf6 26. Qxf6 1-0

[Event "World Blitz Women 2017"]
[Site "Riyadh KSA"]
[Date "2017.12.30"]
[Round "17.22"]
[White "Batchimeg, Tuvshintugs"]
[Black "Khukhashvili, Sopiko"]
[Result "1-0"]
[WhiteTitle "IM"]
[BlackTitle "IM"]
[WhiteElo "2398"]
[BlackElo "2312"]
[WhiteFideId "4900839"]
[BlackFideId "13602055"]
[EventDate "2017.12.29"]

1. d4 Nf6 2. c4 e6 3. Nc3 Bb4 4. f3 d5 5. a3 Bxc3+ 6. bxc3 c5 7. cxd5 Nxd5 8.
dxc5 Qa5 9. e4 Nf6 10. Be3 Qxc3+ 11. Kf2 Nc6 12. Ne2 Qe5 13. Nd4 O-O 14. Nxc6
bxc6 15. Bd4 Qg5 16. h4 Qf4 17. Bxf6 Qxf6 18. Ra2 e5 19. Rd2 Be6 20. Rd6 Rab8
21. Qd2 Rfc8 22. Bc4 h6 23. Bxe6 fxe6 24. Qa2 Kh8 25. Rhd1 Qxh4+ 26. Kg1 Qf4 27.
Qxe6 Qe3+ 28. Kh2 Qxc5 29. Qg6 Qe3 30. Rd7 Rg8 31. R1d3 Qf4+ 32. g3 Rb2+ 33. Kh3
Qc1 34. Rxg7 Rbb8 35. Qh7# 1-0

[Event "World Blitz Women 2017"]
[Site "Riyadh KSA"]
[Date "2017.12.30"]
[Round "17.23"]
[White "Cornette, Deimante"]
[Black "Huang, Qian"]
[Result "0-1"]
[WhiteTitle "IM"]
[BlackTitle "WGM"]
[WhiteElo "2439"]
[BlackElo "2438"]
[WhiteFideId "12802859"]
[BlackFideId "8602689"]
[EventDate "2017.12.29"]

1. e4 d6 2. d4 e5 3. Nf3 Nc6 4. Nc3 Nf6 5. Bb5 exd4 6. Nxd4 Bd7 7. O-O Be7 8.
Bxc6 bxc6 9. Re1 O-O 10. h3 Re8 11. Bg5 h6 12. Bh4 c5 13. Nf5 Bxf5 14. exf5 Qd7
15. Qd3 Rab8 16. b3 c6 17. Rad1 d5 18. Na4 Bd6 19. Bxf6 gxf6 20. Nc3 Re5 21. Ne4
Qe7 22. Re3 Bc7 23. Nc3 Rxe3 24. Qxe3 Qe5 25. Qxe5 fxe5 26. f3 Kg7 27. Kf2 Kf6
28. g4 h5 29. Na4 Rb5 30. Ke2 c4 31. bxc4 Rb4 32. Nc5 Rxc4 33. Na6 Bd6 34. Rd2
Ra4 35. c4 Rxa6 36. cxd5 cxd5 37. Rxd5 Rxa2+ 38. Kd3 Ke7 39. g5 Rg2 40. h4 Rh2
41. Ra5 Rxh4 42. Rxa7+ Kf8 43. Rd7 Bc5 44. f6 Rd4+ 45. Rxd4 exd4 46. f4 h4 47.
f5 h3 0-1

[Event "World Blitz Women 2017"]
[Site "Riyadh KSA"]
[Date "2017.12.30"]
[Round "17.25"]
[White "Arakhamia-Grant, Ketevan"]
[Black "Batsiashvili, Nino"]
[Result "0-1"]
[WhiteTitle "GM"]
[BlackTitle "IM"]
[WhiteElo "2350"]
[BlackElo "2502"]
[WhiteFideId "13600168"]
[BlackFideId "13602993"]
[EventDate "2017.12.29"]

1. e4 e5 2. Nf3 Nc6 3. Bc4 Nf6 4. d3 Bc5 5. O-O O-O 6. Nbd2 d6 7. a4 a5 8. h3
Ne7 9. Re1 Ng6 10. Nf1 c6 11. Bb3 Re8 12. c3 d5 13. exd5 cxd5 14. d4 exd4 15.
Rxe8+ Qxe8 16. Nxd4 h6 17. Be3 Bd7 18. Ng3 Nh4 19. Nh5 Nxh5 20. Qxh5 Qe7 21.
Bxd5 Rf8 22. Re1 Bxa4 23. Qg4 Bd7 24. Qh5 b6 25. Nc2 Bxe3 26. Rxe3 Qf6 27. Nd4
Nf5 28. Rf3 g6 29. Qxh6 Qxd4 30. Rxf5 Qd1+ 31. Kh2 Bxf5 0-1